An introduction to Theory of Numbers (Record no. 609577)

000 -LEADER
fixed length control field 00434nam a22001577a 4500
020 ## - INTERNATIONAL STANDARD BOOK NUMBER
International Standard Book Number 9780195670332
040 ## - CATALOGING SOURCE
Transcribing agency Nust
082 ## - DEWEY DECIMAL CLASSIFICATION NUMBER
Classification number 512.7
Author Mark HAR
100 ## - MAIN ENTRY--PERSONAL NAME
Personal name Hardy, G.H
9 (RLIN) 39147
110 ## - MAIN ENTRY--CORPORATE NAME
Corporate name or jurisdiction name as entry element Wright, M.E
9 (RLIN) 123362
245 ## - TITLE STATEMENT
Title An introduction to Theory of Numbers
250 ## - EDITION STATEMENT
Edition statement 5th Edition
260 ## - PUBLICATION, DISTRIBUTION, ETC.
Place of publication, distribution, etc. New York:
Name of publisher, distributor, etc. Oxford University Press Inc,
Date of publication, distribution, etc. 2004.
650 ## - SUBJECT ADDED ENTRY--TOPICAL TERM
Topical term or geographic name entry element An introduction to Theory of Numbers
9 (RLIN) 123363
942 ## - ADDED ENTRY ELEMENTS (KOHA)
Source of classification or shelving scheme
Koha item type Book
Holdings
Withdrawn status Lost status Source of classification or shelving scheme Damaged status Not for loan Permanent Location Current Location Shelving location Date acquired Total Checkouts Full call number Barcode Date last seen Price effective from Koha item type
          College of Electrical & Mechanical Engineering (CEME) College of Electrical & Mechanical Engineering (CEME) General Stacks 06/07/2024   512.7 HAR CEME- 43008 06/07/2024 06/07/2024 Book
© 2023 Central Library, National University of Sciences and Technology. All Rights Reserved.